000 00206 a2200109 4500
020 _a9780066214139
041 _aeng
100 _aCRICHTON, MICHAEL
245 _aSTATE OF FEAR
942 _cBK
952 _71
999 _c18266
_d18266